| 000 | 00930cam a22002417a 4500 | ||
|---|---|---|---|
| 003 | OSt | ||
| 005 | 20161228164909.0 | ||
| 008 | 1612 s2016 spc 000 0 spa|d | ||
| 017 |
_aDL B 11792-2016 _bBiblioteca de Catalunya |
||
| 020 | _a9788499926612 | ||
| 040 |
_bcat _cCDMR |
||
| 100 | 1 |
_aAleksiévitx, Svetlana, _d1948- |
|
| 245 | 1 | 0 |
_aÚltimos testigos _b: los niños de la Segunda Guerra Mundial _cSvetlana Alexiévich ; traducción de Yulia Dobrovolskaia y Zahara García González |
| 260 |
_a[Barcelona] : _bDebate, _c2016 |
||
| 300 |
_a333 p. ; _c24 cm |
||
| 650 | 0 |
_aGuerra Mundial II, 1939-1945 _xRelats personals rusos _2lemac _93587 |
|
| 650 | 0 |
_aGuerra Mundial II, 1939-1945 _xInfants _zUnió Soviètica _2lemac _93587 |
|
| 650 | 7 |
_aInfants i guerra _zUnió Soviètica _2lemac |
|
| 650 | 7 |
_aBielorússia _xHistòria _2lemac |
|
| 700 | 1 |
_aDobrovolskaya, Yulia, _etrad. |
|
| 700 | 1 |
_aGarcía, Zahara, _etrad. |
|
| 942 | _cMON | ||
| 999 |
_c6985 _d6985 |
||